Word Ladder: Helter Skelter Quiz Stats

Quiz Updated Sep 29, 2015

Challenge
Share
Tweet
Embed
Score 0/40 Timer 10:00
1 Play Today
Hint: 3-Letter Word Answer % Correct
Bro's female sibling• • SIS • • LAND • •
93.5%
Sticky resin from a tree• SAP • • • • LENT •
93.1%
To drink slowly in tiny amounts• SIP • • • • LEND •
93%
Type of coniferous tree (e.g. Douglas ___)• FIR • • • • MALL •
92.8%
Earth's atmosphereAIR • • • • • • MAIL
92.4%
Help or assist• AID • • • • RAIL •
92.1%
▶▶ A community's official system of rules ▶▶★★★ LAWLESS ★★★
90.1%
Not nearFAR • • • • • • MULL
89.8%
▶▶ Management Information Systems (abbr.) ▶▶★★★ MISLAID ★★★
89%
Once around the track• • LAP • • LEST • •
88.6%
Enthusiastic devotee• FAN • • • • MULE •
87.6%
A small slab of butter• PAT • • • • LIES •
87.4%
Sewer dwelling rodent• RAT • • • • PIES •
86.5%
Halfway across• • MID • • RAID • •
85.4%
The 4th letter of the alphabetDEE • • • • • • SEEN
85%
Moisture on the grass in the morning• DEW • • • • SVEN •
83.1%
▶▶ A felon ▶▶★★★ CONFUSE ★★★
81.2%
To fall behindLAG • • • • • • OWES
81%
A cat's foot• • PAW • • LEES • •
81%
Structure for holding back flowing water• • DAM • • OILS • •
80.7%
Hint: 3-Letter Word Answer % Correct
Able to• • CAN • • MUSE • •
80.5%
To cut with an axe• • HEW • • EVEN • •
80.4%
On the ___ (running from the law)• LAM • • • • OWLS •
80.3%
▶▶ The H that goes with the five Ws ▶▶★★★ HOWEVER ★★★
79%
State or assert• • SAY • • WAND • •
78.2%
Section of a felled tree trunk• LOG • • • • EWES •
77.8%
▶▶ Path or direction ▶▶★★★ WAYWARD ★★★
77.4%
A great quantity or large amount• • TON • • TENT • •
76.3%
Not bright or clear• DIM • • • • OILY •
76%
▶▶ Sun darkened skin ▶▶★★★ TANGENT ★★★
75.8%
Father's boy• SON • • • • TEND •
75.8%
To regret• • RUE • • SLED • •
74.7%
Expected to happen at a certain time• DUE • • • • SEED •
74.3%
A pig (or a blanket thief)• • HOG • • EWER • •
73.3%
Salty brown sauce from fermented beans• SOY • • • • WEND •
72.4%
▶▶ Beverage from fermented sugarcane ▶▶★★★ RUMPLED ★★★
71.6%
A male sheep• • RAM • • PIED • •
71.5%
Sick or pale looking• • WAN • • WARY • •
70.1%
Loud confused noiseDIN • • • • • • WILY
69.7%
Not lose or draw• WIN • • • • WIRY •
69.4%

Today's Daily Dose

Missing Word
Law Misconceptions

Word Ladder
Easy Math

On This Day
January 20th

You're not logged in!

Compare scores with friends on all Sporcle quizzes.
Sign Up with Email
OR
Log In

You Might Also Like...

Show Comments

Extras

Top Quizzes Today


Score Distribution

Your Account Isn't Verified!

In order to create a playlist on Sporcle, you need to verify the email address you used during registration. Go to your Sporcle Settings to finish the process.